Tổng hợp và ứng dụng vật liệu MIL-101(Cr) pha tạp CuFe để xác định hàm lượng CO trong hỗn hợp COCO2 và CON2 : Luận văn thạc sĩ - Chuyên ngành: Hóa phân tích

Zapisane w:
Opis bibliograficzny
1. autor: Đỗ, Cao Hậu
Format: Luận văn
Język:Undetermined
Wydane: Đại học Công Nghiệp TP. Hồ Chí Minh 2022
Hasła przedmiotowe:
Dostęp online:https://opac.iuh.edu.vn/TraCuuTaiLieuSo2XemChiTiet.aspx?Id=115214
Etykiety: Dodaj etykietę
Nie ma etykietki, Dołącz pierwszą etykiete!
Thư viện lưu trữ: Trung tâm Thư viện - Trường Đại học Công nghiệp TP. Hồ Chí Minh
LEADER 00793nam a2200169Ia 4500
001 UIH_02200
008 230809s9999 xx 000 0 und d
082 |a 543 
100 |a Đỗ, Cao Hậu 
245 0 |a Tổng hợp và ứng dụng vật liệu MIL-101(Cr) pha tạp CuFe để xác định hàm lượng CO trong hỗn hợp COCO2 và CON2 : Luận văn thạc sĩ - Chuyên ngành: Hóa phân tích 
245 0 |c Đỗ, Cao Hậu 
260 |b Đại học Công Nghiệp TP. Hồ Chí Minh 
260 |c 2022 
650 |a Hóa phân tích; 
856 |u https://opac.iuh.edu.vn/TraCuuTaiLieuSo2XemChiTiet.aspx?Id=115214 
927 |a Luận văn 
980 |a Trung tâm Thư viện - Trường Đại học Công nghiệp TP. Hồ Chí Minh